<?xml version="1.0" encoding="UTF-8"?>
<record
    xmlns:xsi="http://www.w3.org/2001/XMLSchema-instance"
    xsi:schemaLocation="http://www.loc.gov/MARC21/slim http://www.loc.gov/standards/marcxml/schema/MARC21slim.xsd"
    xmlns="http://www.loc.gov/MARC21/slim">

  <leader>02246nam a22002297a 4500</leader>
  <controlfield tag="003">AR-RoUNCS</controlfield>
  <controlfield tag="005">20260204130235.0</controlfield>
  <controlfield tag="008">220819s2020    ag     gr     001 j spa  </controlfield>
  <datafield tag="015" ind1=" " ind2=" ">
    <subfield code="a">AR-2020</subfield>
  </datafield>
  <datafield tag="020" ind1=" " ind2=" ">
    <subfield code="a">978-950-04-4022-6</subfield>
  </datafield>
  <datafield tag="040" ind1=" " ind2=" ">
    <subfield code="a">AR-BaBN</subfield>
    <subfield code="b">spa</subfield>
    <subfield code="c">AR-RoUNCS</subfield>
    <subfield code="e">aacr</subfield>
  </datafield>
  <datafield tag="080" ind1="1" ind2=" ">
    <subfield code="a">82-31(82)</subfield>
    <subfield code="2">2016</subfield>
  </datafield>
  <datafield tag="100" ind1="1" ind2=" ">
    <subfield code="a">Tenenbaum, Tamara,</subfield>
    <subfield code="d">1989-</subfield>
    <subfield code="e">autora</subfield>
    <subfield code="4">aut</subfield>
  </datafield>
  <datafield tag="245" ind1="1" ind2="0">
    <subfield code="a">Nadie vive tan cerca de nadie /</subfield>
    <subfield code="c">Tamara Tenenbaum.</subfield>
  </datafield>
  <datafield tag="260" ind1=" " ind2=" ">
    <subfield code="a">Ciudad Aut&#xF3;noma de Buenos Aires :</subfield>
    <subfield code="b">Emec&#xE9;,</subfield>
    <subfield code="c">2020.</subfield>
  </datafield>
  <datafield tag="300" ind1=" " ind2=" ">
    <subfield code="a">223 p. ;</subfield>
    <subfield code="c">21 cm.</subfield>
  </datafield>
  <datafield tag="520" ind1="3" ind2=" ">
    <subfield code="a">Tras el &#xE9;xito extraordinario de El fin del amor, su ensayo de 2019, Tamara Tenenbaum presenta este libro de cuentos que obtuvo que obtuvo el premio Ficciones otorgado por el Ministerio de Cultura en 2018. Dijo el jurado: "Hay una voz singular en los relatos de nadie vive tan cerca de nadie y una manera de terminarlos que resulta muy atractiva. Al contrario del cuento tradicional, que cierra con bombos y platillos, los de este libro parecen desintegrarse; el final llega de repente, casi como un capricho, como si quien escribe simplemente se detuviera. Cada uno tiene su secreto empedernido, su forma del desasosiego. Voces encerradas en un peque&#xF1;o laberinto de deseo: su mundo es todo lo que ven, y los contemplamos perderse en &#xE9;l, como insectos lamiendo vidrio". En estas p&#xE1;ginas de un realismo crudo, ir&#xF3;nico, perturbador, se cuelan escenas de la cultura jud&#xED;a con el tel&#xF3;n de fondo del barrio porte&#xF1;o de Once. Contra &#xE9;l se recortan, un poco corridos, los personajes de un universo claustrof&#xF3;bico, acaso autobiogr&#xE1;fico, que tiene a la familia y a la comunidad como centro. A pesar de que all&#xED; todos parecen conocerse, el contacto genuino, la emoci&#xF3;n abierta, el acercamiento sin mediaciones resultan esquivos e insuficientes. "Supongo que es algo muy de la &#xE9;poca &#x2013;afirma Tenenbaum-, la sensaci&#xF3;n de estar siempre rodeados de gente pero muy solos, cada uno en su baile. Casi todas las historias son deformaciones de historias de gente que conozco, an&#xE9;cdotas que me contaron o cosas que me pasaron a m&#xED;".</subfield>
    <subfield code="c">(Descripci&#xF3;n del editor).</subfield>
  </datafield>
  <datafield tag="650" ind1=" " ind2="7">
    <subfield code="2">embne</subfield>
    <subfield code="a">Literatura argentina</subfield>
  </datafield>
  <datafield tag="655" ind1=" " ind2="7">
    <subfield code="a">Cuentos</subfield>
    <subfield code="2">embne</subfield>
  </datafield>
  <datafield tag="751" ind1=" " ind2=" ">
    <subfield code="a">Buenos Aires</subfield>
    <subfield code="e">lugar de publicaci&#xF3;n</subfield>
    <subfield code="4">pup</subfield>
  </datafield>
  <datafield tag="942" ind1=" " ind2=" ">
    <subfield code="2">udc</subfield>
    <subfield code="c">LPD</subfield>
    <subfield code="n">0</subfield>
  </datafield>
  <datafield tag="999" ind1=" " ind2=" ">
    <subfield code="c">873</subfield>
    <subfield code="d">873</subfield>
  </datafield>
  <datafield tag="952" ind1=" " ind2=" ">
    <subfield code="0">0</subfield>
    <subfield code="1">0</subfield>
    <subfield code="2">udc</subfield>
    <subfield code="4">0</subfield>
    <subfield code="7">0</subfield>
    <subfield code="8">CG</subfield>
    <subfield code="a">ESOCIALES</subfield>
    <subfield code="b">ESOCIALES</subfield>
    <subfield code="d">2026-02-04</subfield>
    <subfield code="e">Donaci&#xF3;n 2024</subfield>
    <subfield code="l">0</subfield>
    <subfield code="o">82-31(82) T292</subfield>
    <subfield code="p">001082</subfield>
    <subfield code="r">2026-02-04 13:04:27</subfield>
    <subfield code="w">2026-02-04</subfield>
    <subfield code="y">LPD</subfield>
  </datafield>
</record>
